000 00393 a2200169 4500
001 74534
020 _a853225678-3
040 _cAnchieta - Colégio São Paulo
100 _aGiovanni, José Ruy
240 1 0 _aMatemática: Pensar e descobrir
_lpor
245 1 0 _aMatemática: Pensar e descobrir
300 _a319
362 0 _a2005
440 1 _aFTD
650 4 _aMatemática
942 _cBK
999 _c74534
_d74534